| 000 | 00908nam a22003017a 4500 | ||
|---|---|---|---|
| 005 | 20150826100128.0 | ||
| 008 | 150817t1995 txua|||fr|||| 001 0 eng d | ||
| 010 | _a 94076078 | ||
| 020 | _a0030009073 | ||
| 020 | _a9780030009075 | ||
| 040 |
_aEG-ScBUE _beng _cEG-ScBUE |
||
| 082 | 0 | 4 |
_a332.6 _bREI _222 |
| 100 | 1 | _aReilly, Frank K. | |
| 245 | 1 | 0 |
_aInvestments / _cFrank K. Reilly, Edgar A. Norton. |
| 250 | _a4th ed. | ||
| 260 |
_aFort Worth : _bDryden Press, _cc.1995. |
||
| 300 |
_axxiv, 628 p. : _bill. ; _c27 cm. |
||
| 500 | _aIncludes indexs | ||
| 500 | _aIncludes glossary. | ||
| 504 | _aIncludes bibliographical references. | ||
| 590 | _adoaa moahamed , menna elemam | ||
| 650 | 0 |
_aInvestments. _2BUEsh |
|
| 650 | 0 |
_aInvestment analysis. _2BUEsh |
|
| 651 | _2BUEsh | ||
| 653 |
_bBUSADM _cAugust2015 |
||
| 700 | 1 |
_aNorton, Edgar, _d1957- _936453 |
|
| 942 |
_cBB _k332.6 REI _2ddc |
||
| 999 |
_c7487 _d4027 |
||